Aventuras de Telémaco / (Record no. 137745)

MARC details
000 -LEADER
campo de control de longitud fija 00652nam a2200193 4500
001 - NÚMERO DE CONTROL
campo de control 137745
003 - IDENTIFICADOR DE NÚMERO DE CONTROL
campo de control ES-MaACL
005 - FECHA Y HORA DE LA ÚLTIMA TRANSACCIÓN
campo de control 20250716063304.0
007 - CAMPO FIJO DE DESCRIPCIÓN FÍSICA--INFORMACIÓN GENERAL
campo de control de longitud fija t|
008 - DATOS DE LONGITUD FIJA--INFORMACIÓN GENERAL
campo de control de longitud fija 070214q1902 sp r ||||1| spa d
100 1# - ENTRADA PRINCIPAL--NOMBRE DE PERSONA
Nombre de persona Fénelon, François de Salignac de La Mothe,
Fechas asociadas al nombre 1651-1715
9 (RLIN) 49246
245 10 - MENCIÓN DEL TÍTULO
Título Aventuras de Telémaco /
Mención de responsabilidad, etc. por Monseñor Francisco de Salignac de la Mothe, Fenelón; traducción de A. B. Rodríguez.
250 ## - MENCION DE EDICION
Mención de edición 3ª ed.
260 ## - PUBLICACIÓN, DISTRIBUCIÓN, ETC.
Lugar de publicación, distribución, etc. Burgos :
Nombre del editor, distribuidor, etc. Santiago Rodríguez,
Fecha de publicación, distribución, etc. [19__?]
300 ## - DESCRIPCIÓN FÍSICA
Extensión 268 p. :
Otras características físicas il. ;
Dimensiones 22 x 13 cm.
700 1# - ENTRADA AGREGADA--NOMBRE PERSONAL
Nombre de persona Rodríguez, A. B.
9 (RLIN) 98200
852 ## - LOCALIZACIÓN
Ubicación ES-MaACL
Número de control de estantería F-4665
Holdings
Estatus retirado Estado de pérdida Estado de daño No para préstamo Biblioteca de origen Biblioteca actual Ubicación en estantería Fecha de adquisición Fuente de adquisición Total de préstamos Signatura topográfica completa Código de barras Visto por última vez Precio de reemplazo Tipo de ítem Koha
        Biblioteca del Ateneo de Madrid Biblioteca del Ateneo de Madrid Depósito 2 17/01/2008     F-4665 1143342 23/02/2023 23/02/2023 Libro impreso